El paso no más allá
Saved in:
| Hovedforfatter: | |
|---|---|
| Format: | Bog |
| Sprog: | spansk |
| Udgivet: |
Barcelona
Paidos
1994
|
| Fag: | |
| Tags: |
Tilføj Tag
Ingen Tags, Vær først til at tagge denne postø!
|
MARC
| LEADER | 00000nam a2200000 a 4500 | ||
|---|---|---|---|
| 001 | UCY2870 | ||
| 003 | CL-VaPUC | ||
| 008 | 941125e19940000SP |||||||||||||||||spa|d | ||
| 082 | 0 | 4 | |a 194 |b BLA |2 21 |
| 100 | 0 | |a Blanchot, Maurice |e author |9 331016 | |
| 245 | 1 | 3 | |a El paso no más allá |
| 300 | |a 168 p | ||
| 942 | |c BK | ||
| 945 | |d 19941125 00:00:00 |a aalvarez | ||
| 260 | |a Barcelona |b Paidos |c 1994 | ||
| 650 | 0 | |a Filosofía francesa |9 255698 | |
| 583 | |a last modification |c 19941125 00:00:00 |k Rodrigo Vera | ||
| 999 | |c 231156 |d 231154 | ||
| 952 | |0 0 |1 0 |4 0 |6 194_000000000000000_BLA_1994 |7 0 |8 A |9 234009 |a BIBEDU |b BIBEDU |d 2019-11-15 |i 303089K |o 194 BLA 1994 |p 303089K |r 2019-11-15 |w 2019-11-15 |y BK |k FIL | ||